Statystyki dla Tottenham Hotspur 2019/2020

Kliknij tutaj aby rozwiązać quiz!

Ogólne statystyki

  • Ten quiz został rozwiązany 316 razy
  • Średni wynik to 15 z 25

Statystyki odpowiedzi

PozycjaImię i Nazwisko% Poprawnych
NapastnikHarry Kane
98%
BramkarzHugo Lloris
98%
NapastnikHeung-Min Son
94%
ObrońcaJan Vertonghen
84%
PomocnikDele Alli
82%
NapastnikLucas Moura
80%
PomocnikChristian Eriksen
72%
ObrońcaDanny Rose
72%
ObrońcaToby Alderweireld
72%
PomocnikMoussa Sissoko
71%
ObrońcaDavinson Sanchez
70%
PomocnikTanguy Ndombele
69%
PomocnikEric Dier
63%
ObrońcaSerge Aurier
63%
BramkarzPaulo Gazzaniga
62%
PomocnikHarry Winks
57%
ObrońcaBen Davies
53%
NapastnikErik Lamela
52%
PomocnikGiovani Lo Celso
46%
PomocnikVictor Wanyama
44%
ObrońcaJuan Foyth
36%
ObrońcaKyle Walker-Peters
34%
PomocnikRyan Sessegnon
30%
PomocnikOliver Skipp
22%
NapastnikGeorges-Kevin NKoudou
3%

Rozkład punktacji

Percentyl według liczby udzielonych odpowiedzi

Procent ludzi z każdym wynikiem

Twoja historia wyników

Nie rozwiązałeś tego quizu